Представление документа в формате MARC21

Поле Инд. ПП Название Значение
Тип записи a
Библиографический уровень m
001 Контрольный номер 816e2d67f70d49ec9f489d68bb455906
005 Дата корректировки 20240416100247.7
008 Кодируемые данные 170707|||||||||ru |||||||||||||||||rus||
020 a ISBN 978-5-4222-0298-0
041 0_ a Код языка текста rus
084 a Индекс другой классификации/Индекс ББК 66.3(2Рос)
090 a Полочн. индекс 66.3(2Рос)
x Авторский знак И 73
245 10 a Заглавие Интересы России в Арктике
b Продолж. заглавия сб. науч. ст.
c Ответственность М-во образования и науки Рос. Федерации, Мурман. аркт. гос. ун-т ; [науч. ред. К. Я. Коткин]
260 a Место издания Мурманск
b Издательство МАГУ
c Дата издания 2016
300 a Объем 93 с.
b Иллюстрации/ тип воспроизводства ил.
500 a Примечание Имеется электрон. аналог 2016 г.
504 a Библиография Библиогр. в конце каждой ст. и в подстроч. примеч.
583 x Служебное примечание Арктические исследования
650 04 a Основная рубрика Арктика-Российская Федерация-Сборники
651 _4 a Географическое наименование Арктическая зона России
653 0_ a Ключевые слова Арктическая стратегия; Арктическая политика; Исследования арктические; Международное сотрудничество; Минеральные ресурсы; Российско-финско-норвежское сотрудничество; Труды преподавателей МАГУ
901 t Тип документа m